Adenosine stimulates the rate of proliferation of aortic and microvascular endothelial cells /
| Main Author: | |
|---|---|
| Other Authors: | , |
| Format: | Thesis Book |
| Language: | English |
| Published: |
1987.
|
| Subjects: | |
| Online Access: | Link to ProQuest copy Link to OAKTrust copy ProQuest, Abstract |
MARC
| Tag | First Indicator | Second Indicator | Subfields |
|---|---|---|---|
| LEADER | 00000ctm a2200000Ia 4500 | ||
| 001 | in00000020502 | ||
| 005 | 20220104090750.0 | ||
| 008 | 880714s1987 xx a bm 000 0 eng d | ||
| 035 | |9 AAB3420AM | ||
| 035 | |a (OCoLC)18211761 | ||
| 035 | |a (OCoLC)ocm18211761 | ||
| 040 | |a TXA |b eng |c TXA |d OCLCQ |d OCLCF |d OCLCO |d OCLCQ |d UMI |d TXA | ||
| 049 | |a TXAM | ||
| 099 | |a 1987 |a Disser- |a tation |a M514 | ||
| 100 | 1 | |a Meininger, Cynthia Joanne. | |
| 245 | 1 | 0 | |a Adenosine stimulates the rate of proliferation of aortic and microvascular endothelial cells / |
| 264 | 1 | |c 1987. | |
| 300 | |a viii, 76 leaves : |b illustrations ; |c 29 cm | ||
| 336 | |a text |b txt |2 rdacontent | ||
| 337 | |a unmediated |b n |2 rdamedia | ||
| 338 | |a volume |b nc |2 rdacarrier | ||
| 500 | |a "Major subject: Medical Sciences." | ||
| 500 | |a Typescript (photocopy). | ||
| 500 | |a Vita. | ||
| 502 | |b Ph. D. |c Texas A & M University |d 1987 | ||
| 504 | |a Includes bibliographical references (leaves 56-75). | ||
| 520 | 3 | |6 520-00 |a The effect of adenosine and/or hypoxic growth conditions on the proliferation of bovine aortic and coronary microvascular endothelial cells was investigated. Endothelial cells growing at standard tissue culture conditions were stimulated to proliferate by the addition of adenosine (final concentrations 0.5 μM and 5.0 μM). Cell counts of adenosine-treated cultures were 18-188% greater for aortic cells and 19-52% greater for microvascular cells than cell counts of nontreated control cells. This response was not dose-dependent within a concentration range of 5 nM and 50 μM. When culture medium conditioned by endothelial cells growing at 2% oxygen was added to endothelial cells growing at standard conditions, cell counts were 19-56% greater than controls with fresh nonconditioned medium. This suggests that hypoxia causes endothelial cells to release a factor(s) into the medium which stimulates cell proliferation. The addition of 10^-5M 8-phenyltheophyl-line eliminated the stimulation of proliferation caused by 5.0 μM adenosine or 2% oxygen in both aortic and microvascular cultures. These results suggest that: (1) hypoxia causes the release of adenosine from the cells, and (2) adenosine mediates its stimulatory effect via an external membrane receptor. When adenosine analogues selective for A1 and A2 adenosine receptors were tested, no selectivity was evident; that is, equivalent stimulation was achieved with either analogue. This finding suggests that the mechanism for adenosine-mediated stimulation of cell proliferation might be independent of cyclic AMP. Alternatively, either type of adenosine receptor might be capable of triggering a response(s) that culminates in cell replication. A three hour pulse of adenosine was sufficient for triggering the stimulatory response supporting the idea that a cascade of responses is necessary. Addition of adenosine at the time of seeding or 24 hours after seeding did not affect the stimulatory response. This last finding indicates that the stimulatory response was not due to the fact that the cells were not attached to the dish at the time of adenosine addition. | |
| 650 | 0 | |a Adenosine. | |
| 650 | 0 | |a Blood-vessels |x Growth. | |
| 650 | 0 | |a Endothelium. | |
| 650 | 0 | |a Neovascularization. | |
| 650 | 4 | |a Major medical sciences. | |
| 655 | 7 | |a Academic theses |2 lcgft | |
| 700 | 1 | |a Granger, Harris J., |e degree supervisor. | |
| 700 | 1 | |a McMurray, David N., |e degree committee member. | |
| 700 | 1 | |a Sauer, Helmut, W., |e degree supervisor. | |
| 700 | 1 | |a Schelling, Margaret E., |e degree committee member. | |
| 710 | 2 | |a Texas A & M University, |e degree granting institution. | |
| 856 | 4 | 1 | |u http://proxy.library.tamu.edu/login?url=http://proquest.umi.com/pqdweb?did=754022401&sid=1&Fmt=2&clientId=2945&RQT=309&VName=PQD |z Link to ProQuest copy |t 0 |
| 856 | 4 | 1 | |u https://hdl.handle.net/1969.1/DISSERTATIONS-26917 |z Link to OAKTrust copy |t 0 |
| 856 | 4 | 2 | |3 ProQuest, Abstract |u http://gateway.proquest.com/openurl?url_ver=Z39.88-2004&rft_val_fmt=info:ofi/fmt:kev:mtx:dissertation&res_dat=xri:pqm&rft_dat=xri:pqdiss:8720922 |t 0 |
| 994 | |a C0 |b TXA | ||
| 999 | f | f | |s e9d81e78-bebb-3b22-bd0a-eca8685b8ce2 |i 2a85343b-4a33-397e-ad88-341c8ac3e284 |t 0 |
| 952 | f | f | |p noncirc |a Texas A&M University |b J.J. Pickle Campus |c High Density Repository |s HDR |d Remote Storage |t 0 |e 1987 Dissertation M514 |h Other scheme |i unmediated -- volume |m A14839624121 |
| 952 | f | f | |a Texas A&M University |b College Station |c Electronic Resources |s www_evans |d Available Online |t 0 |e 1987 Dissertation M514 |h Other scheme |
| 998 | f | f | |a 1987 Dissertation M514 |t 0 |l Available Online |
| 998 | f | f | |a 1987 Dissertation M514 |t 0 |l Remote Storage |